Húszéves a Junior bisztró!

Bibliographic Details
Format: Article
Language:Hungarian
Slovak
PhysicalDescription:Fotogr.
ISSN:1336-3638
Subjects:

MARC

LEADER 00000nab a2200000 a 4500
001 vtls010519654
003 SK-MaSNL
005 20260319071233.0
008 130613|2013 xo w| 000 0|hun
015 |a SNBRB2013/06 
038 |a DSZK 
040 |a DSZK  |b slo  |c DSZK  |e AACR2 
041 |a hun  |a slo 
044 |a xo  |c SK 
080 |a 640.43  |2 2001 
245 0 0 |a Húszéves a Junior bisztró!  |c [szerző] (und) 
300 |b Fotogr. 
610 2 7 |a Junior bistro (Dunajská Streda, Slovensko)  |2 dszk  |9 1097431 
650 0 7 |a stravovacie zariadenia  |2 dszk  |9 73125 
651 7 |a Dunajská Streda (Slovensko)  |2 SNKPHgeo  |9 17375 
773 0 |t Csallóköz=Žitný ostrov  |g Évf. 53, sz. 23 (2013), o. 31  |x 1336-3638 
852 |a DSZK  |b KIS3GCP 
856 |a http://www.csallokoz.sk 
958 |a HU 
958 |a SK 
999 |c 1803382  |d 1805312